| 000 | 00653nam a2200241Ia 4500 | ||
|---|---|---|---|
| 003 | OSt | ||
| 005 | 20220930184407.0 | ||
| 006 | a|||||r|||| 00| 0 | ||
| 007 | ta | ||
| 008 | 220926b |||||||| |||| 00| 0 eng d | ||
| 024 | _a16,173 | ||
| 037 | _cGeneral Books | ||
| 040 |
_aCRL _cCRL _beng |
||
| 041 |
_2eng _aeng |
||
| 082 | _aa43,7, G9 (BB) | ||
| 100 |
_aThomas Edith comp _9556971 |
||
| 245 | 0 | _aWhat to read Ann-Arbor | |
| 260 |
_a[s.l.] _bUniversity of Michigan Press _c1939 |
||
| 300 |
_a285p. _ccm. |
||
| 650 | _aBIBLIOGRAPHY | ||
| 942 |
_ha43,7, G9 (BB) _cGB _2CC |
||
| 999 |
_c888378 _d888378 |
||